000 00824cam a22002777a 4500
003 CHAP
005 20220329134746.0
008 971013s1939 r 00010 d
010 _a25394
011 _a26366
035 _a30467
040 _cCHAP
082 _a547
_bC65
100 0 0 _aConant, James Bryant.
_926276
245 1 4 _aThe chemistry of organic compounds
_b: a year's course in organic chemistry
260 _aNew York :
_bMac Millan,
_c1939
300 _a680 p.
590 _aBATCH-UPD
_b10
_c20130110
_lUCH01
_h2052
590 _aBATCH-UPD
_b10
_c20130410
_lUCH01
_h1406
590 _aBATCH-UPD
_b10
_c20130914
_lUCH01
_h1030
590 _aCONVERSION
_b10
_c20130109
_lUCH01
_h1315
650 1 4 _aQuímica orgánica.
_993598
901 _aBK
942 _cLIBRO
949 _a547 C65
_bBC
_cBPP
_d-70740
_eBPP
_i30467
_si
999 _c25394
_d25394